00998nam a2200229 i 450000100060000000300090000600500170001500700030003200800410003510000430007624501980011924600130031726000640033030000220039449000560041650501020047265000400057470000360061470000370065083000560068785200250074387745ES-MaACL20251015063108.0t|041223s1908 fr |||| | fre d1 aLa Boétie, Étienne de, d1530-156310aDe la servitude volontaire ou Le contr'un b: discours / cpar Étienne de La Boétie ; précédé d'une préface par A. Vermorel et suivi de lettres de Montaigne relatives a La Boétie.30aContr'un aParis : bLibrairie de la Bibliothèque Nationale, c1908. a191 p. ; c15 cm.1 aCollection des meilleurs auteurs anciens et moderns8 aContiene además: De l'amitié / Montaigne. - Vingt et neuf sonnets / d'Etienne de La Boétie 4aLibertad-vObras anteriores a 1800.1 aVermorel, Auguste (d1841-1871)1 aMontaigne, Michel de,d1533-15920 aCollection des meilleurs auteurs anciens et moderns aES-MaACLjT-1458-F-2